000
00308nam a22001337a 4500
008
170823b xxu||||| |||| 00| 0 eng d
020
_a
9781133364849
041
_a
eng
080
_2
10 RF
_a
51
100
_a
38
101
_a
MAT
245
_a
MATHEMATICAL APPLICATION
_c
HARSHBARGER.R.J
942
_2
udc
_c
BK
999
_c
24681
_d
24681